| LEADER |
01062nam0a2200253 450 |
| 001 |
16867547 |
| 010 |
|
|
|a 978-2-408-04789-4
|b cart.
|d 7,9
|
| 100 |
|
|
|a 20240117d2024 u u0frey01 ba
|
| 101 |
0 |
|
|a fre
|
| 102 |
|
|
|a FR
|
| 200 |
0 |
|
|a métro (Le)
|f texte de Stéphanie Ledu
|g illustrations de Didier Balicevic
|
| 207 |
|
1 |
|a
|
| 210 |
|
|
|a Toulouse
|b 9 rue des Gestes.
|c Milan
|d 2024
|
| 215 |
|
|
|a 1 vol. (29 p.)
|c illustrations en couleur
|d 19 x 19 cm
|
| 225 |
1 |
|
|a Mes p'tits docs
|x 1776-6729
|
| 330 |
|
|
|a Une présentation du métro d'un point de vue informatif et technique, afin de tout savoir sur ce moyen de transport collectif, des personnes y travaillant aux métros les plus originaux en service à l'étranger. Electre 2024
|
| 606 |
0 |
|
|a Métros
|
| 608 |
|
|
|a Ouvrages pour la jeunesse
|
| 676 |
|
|
|a 625
|
| 700 |
|
0 |
|a Ledu
|b Stéphanie
|f 1966-....
|4 70
|
| 702 |
|
0 |
|a Balicevic
|b Didier
|f 1974-....
|4 440
|
| 900 |
|
|
|a Documentaire
|
| 901 |
|
|
|a Jeunesse
|
| 995 |
|
|
|a Médiathèque
|c Médiathèque
|f 00156008215808
|h 00156008215808
|k E 625 LED
|o p
|q j
|r az
|e Médiathèque
|